| 000 -ლიდერი |
| ფიქსირებული სიგრძის საკონტროლო ველი |
02177nam a22002297a 4500 |
| 003 - საკონტროლო ნომრის იდენტიფიკატორი |
| საკონტროლო ველი |
Ge_BSU |
| 005 - ბოლო ოპერაციის თარიღი და დრო |
| საკონტროლო ველი |
20250204122753.0 |
| 008 - ფიქსირებული სიგრძის მონაცემთა ელემენტები - ზოგადი ინფორმაცია |
| ფიქსირებული სიგრძის საკონტროლო ველი |
250204s2016 ge ||||| |||| 00| 0 geo d |
| 020 ## - წიგნის საერთაშორისო სტანდარტული ნომერი |
| International Standard Book Number |
9789941465420 |
| 041 ## - ენის კოდი |
| Language code of text/sound track or separate title |
geo |
| 080 ## - უნივერსალური ათობითი კლასიფიკაციის ინდექსი |
| Universal Decimal Classification number |
378(479.22)(075.8) მ-65 |
| 245 ## - ცნობა სათაურის შესახებ |
| Title |
"მთელი სიცოცხლის მანძილზე სწავლა” - სახელმძღვანელო უმაღლესი საგანმანათლებლო დაწესებულებისთვის : |
| Remainder of title |
შემუშავებული ტემპუსის პროექტის ფარგლებში ”უნივერსიტეტების, როგორც უწყვეტი განათლების ინსტიტუციების როლის გაძლიერება" = University lifelong learning - manual for higher educational institutions : Developed in the framework of TEMPUS project "Strengthening the specific role of universities as LLL institutions" (SSRULLI) : (Project number: 544251 - TEMPUS-1-2013-1-GE-TEMPUS-JPHES) / |
| Statement of responsibility, etc |
მთარგმნელები: გიორგი ბალიაშვილი, თათია მთვარელიძე; რედაქტორი ირინე დარჩია. |
| 264 ## - წარმოების, გამოცემის, დისტრიბუციის და სხვა ცნობები |
| გამოცემის, წარმოების, დისტრიბუციის... ადგილი |
თბილისი : |
| გამოცემის, წარმოების, დისტრიბუციის... სახელწოდება |
მწიგნობარი, |
| გამოცემის, წარმოების, დისტრიბუციის... თარიღი |
2016. |
| 300 ## - ფიზიკური აღწერა |
| Extent |
100 გვ. : |
| Other physical details |
ცხრ. ; |
| Dimensions |
20 სმ. |
| 500 ## - ზოგადი შენიშვნა |
| General note |
გარეკანი და თავფურცელი ქართ. და ინგლ. ენებზე. |
| 501 ## - შენიშვნა თანმხლებ მასალაზე |
| With note |
პროექტი თანადაფინანსებულია ევროკომისიის მიერ. |
| 653 ## - INDEX TERM--UNCONTROLLED |
| Uncontrolled term |
უმაღლესი განათლება საქართველოში |
| 700 ## - ADDED ENTRY--PERSONAL NAME |
| Personal name |
ბალიაშვილი, გიორგი |
| Relator term |
მთარგმნელი |
| 9 (RLIN) |
24243 |
| 700 ## - ADDED ENTRY--PERSONAL NAME |
| Personal name |
მთვარელიძე, თათია |
| Relator term |
მთარგმნელი |
| 9 (RLIN) |
14713 |
| 700 ## - ADDED ENTRY--PERSONAL NAME |
| Personal name |
დარჩია, ირინე |
| Relator term |
რედაქტორი |
| 9 (RLIN) |
6263 |
| 942 ## - ADDED ENTRY ELEMENTS (KOHA) |
| Source of classification or shelving scheme |
|
| Koha item type |
წიგნი |